| 000 | 00862nas a2200277 4500 | ||
|---|---|---|---|
| 001 | BR9704007 | ||
| 003 | BR-BrBNA | ||
| 005 | 20231205100414.0 | ||
| 007 | ta | ||
| 008 | 230509b bl.|||p| |||| 00| 00por d | ||
| 040 |
_aBR-BrBNA _bpor _cBiblioteca Nacional de Agricultura |
||
| 041 | _a(Pt) | ||
| 072 | _aF03 | ||
| 100 | 1 | _aPreviero, C.A. | |
| 100 | 1 | _aMartins, L. | |
| 100 | 1 | _aFonseca, R.H.A. | |
| 100 | 1 | _aGroth, D. | |
| 245 | 1 | _aEfeitos dos tratamentos para superacao da dormencia em sementes de capim-coloniao (Panicum maximum Jacq.)durante o armazenamento | |
| 650 | _aSemente | ||
| 650 | _aCapim Coloniao | ||
| 650 | _aDormencia | ||
| 650 | _aArmazenamento | ||
| 773 | 0 |
_tRevista Brasileira de Sementes (Brazil) _xISSN 0101-3122 _g(1996), v. 18(1) p. 143-148 _wBR9704007 |
|
| 909 |
_a202311 _bLúcia _c55 _dLúcia Elande |
||
| 942 |
_2AGRIS _n0 _cANA |
||
| 999 |
_c155808 _d155808 |
||